1332 1976 1420 1167 1612 1392 1284 1885 1246 1358 1646 1860 1738 1354 1444 1003 1054 1609 1585 1002 1210 1535 1081 1339 1748 1489 1608 1806 1976 1451 1966 1196 1433 1494 1580 1214 1892 1284 1169 1300 1320 1310 1136 1274 1274 1532 1179 1260 1532 1631 1251 1903 1595 1114 1810 1681 1202 1058 1105 1451 1057 1620 1710 1849 1635 1354 1325 1027 1443 1685 1556 1383 1355 1097 1774 1842 1531 1067 1342 1483 1397 1863 1093 1643 1031 1791 1692 1345 1616 1508 1991 1220 1811 1763 1204 1129 1081 1323 1882 BCNSPRNW ULIB Ver.6.0+V

เปลี่ยนเป็นภาษาไทย

Change to English
 แสดงรายละเอียดบรรณานุกรม
  กลับหน้าหลัก

Brief Record : Get Marc (ISO 2709) : E-mail record : QR code < ปิดหน้าต่าง
LEADER : 00000nam 2200000uu 4500
001    13399122007
003     ULIB
008    121219s2552||||th 000 0 tha d
020    ^a9786115510153(ล.1)
060 04 ^aWL100^bณ321B ล.1 2552
245 00 ^aBasic and clinical neuroscience 1 /^cบรรณาธิการ, ณัฐพสุธารชาติ, อรอุมา ชุติเนตร, นิจศรี ชาญณรงค์
250    ^aพิมพ์ครั้งที่ 1
260    ^aกรุงเทพฯ :^bสาขาวิชาประสาทวิทยา ภาควิชาอายุรศาสตร์คณะแพทยศาสตร์ จุฬาลงกรณ์มหาวิทยาลัย,^c2552
300    ^a356 หน้า :^bภาพประกอบ ;^c26 ซม.
650  7 ^aประสาทวิทยา
650  7 ^aประสาทวิทยาศาสตร์
700 0  ^aณัฐ พสุธารชาติ,^eบรรณาธิการ
700 0  ^aอรอุมา ชุติเนตร,^eบรรณาธิการ
700 0  ^aนิจศรี ชาญณรงค์,^eบรรณาธิการ
710 2  ^aจุฬาลงกรณ์มหาวิทยาลัย. ^bคณะแพทยศาสตร์.^bภาควิชาอายุรศาสตร์. ^bสาขาวิชาประสาทวิทยา
945    ^p350^l0^i16487
995    ^aทศพร
999    ^aทศพร เกษรทอง
รายการนี้ยังไม่มีแท็ก
คุณยังไม่ได้ล็อกอิน คุณสามารถมีกิจกรรมร่วมกับเว็บไซต์ได้ แต่ต้องล็อกอินก่อน ::
  ล็อกอิน

รายการสื่อสารสนเทศ

ลำดับที่ ประเภท เลขเรียก/บาร์โค้ด สถานที่ สถานะ
- ไม่พบข้อมูล -

รายการใกล้เคียง
    หัวเรื่อง [ประสาทวิทยา]
    หัวเรื่อง [ประสาทวิทยาศาสตร์]

BibComment


ยังไม่เคยถูกคอมเมนท์

คอมเมนท์ทรัพยากรรายการนี้
  คอมเมนท์: Basic and clinic..


 Copyright 2026. Bcnsprnw @Library